Music Quiz

Random Music or Singers Quiz

Find the Rock and Roll Hall of Fame Inductees (2010s) Quiz Stats

 Plays Quiz Updated Jun 7, 2018

Score 0/20 Timer 04:00
12 Plays Today
% Correct
KISS (2014)
97.1%
Alice Cooper (2011)
96.1%
Guns N' Roses (2012)
95.8%
ABBA (2010)
95.7%
Tupac Shakur (2017)
95.6%
Nirvana (2014)
94.1%
Red Hot Chili Peppers (2012)
93.9%
Green Day (2015)
93.7%
Donna Summer (2013)
93.1%
Joan Baez (2017)
92.3%
% Correct
Joan Jett &
the Blackhearts (2015)
91.7%
Beastie Boys (2012)
89.4%
Cat Stevens (2014)
87.6%
Pearl Jam (2017)
87%
Lou Reed (2015)
85.6%
N.W.A (2016)
85.6%
Genesis (2010)
85.5%
Tom Waits (2011)
84.7%
Rush (2013)
82.7%
Public Enemy (2013)
80.3%

You're not logged in!

Compare scores with friends on all Sporcle quizzes.
Join for Free
OR
Log In

You Might Also Like...

Show Comments

Extras

Top Quizzes Today


Score Distribution

Your Account Isn't Verified!

In order to create a playlist on Sporcle, you need to verify the email address you used during registration. Go to your Sporcle Settings to finish the process.

Report this User

Report this user for behavior that violates our Community Guidelines.

Details: